Economic hierarchies, organization and the structure of production : Gordon Tullock

Αποθηκεύτηκε σε:
Λεπτομέρειες βιβλιογραφικής εγγραφής
Μορφή: Βιβλίο
Γλώσσα:English
Δημοσίευση: Boston : Kluwer Academic Publishers, c1992
Σειρά:Studies in public choice
Θέματα:
Ετικέτες: Προσθήκη ετικέτας
Δεν υπάρχουν, Καταχωρήστε ετικέτα πρώτοι!

MARC

LEADER 00000nam a2200000 i 4500
001 1/9267
008 000804s1992 eng d
020 |a 0-7923-9168-3 
035 |l 10062989 
040 |a GR-MY-UA  |b gre  |e aacr 
041 0 |a eng 
082 0 |a 338.64 
245 1 0 |a Economic hierarchies, organization and the structure of production :  |b Gordon Tullock 
260 |a Boston :   |b Kluwer Academic Publishers,   |c c1992 
300 |a viii, 196 p. 
490 1 |a Studies in public choice 
504 |a Includes index 
650 0 0 |a Industrial organization (Economic theory) 
650 0 0 |a Industries  |x Size. 
830 0 |a Studies in public choice 
852 |a INST  |b CHIOS  |e 20000804  |h 338.64 TUL  |p 005200003233  |q 005200003233  |t BK  |y 0 
909 |a Χ  |b 031384 
922 |a 2ΕΛΗ  |b 199310  |c ΓΚΟΤΣΙΑΣ  |d LEADERBOOKS 
970 |a ΣΠΕΝΤΖΑ  |b ΕΛΕΝΗ  |z 2000/08/09